[Event "4th Al Ain Chess Classic"]
[Site "Al-Ain UAE"]
[Date "2015.12.26"]
[Round "4.23"]
[White "Visakh N R"]
[Black "Sengupta, Deep"]
[Result "1-0"]
[WhiteTitle "IM"]
[BlackTitle "GM"]
[WhiteElo "2388"]
[BlackElo "2563"]
[WhiteFideId "25012223"]
[BlackFideId "5008352"]
[EventDate "2015.12.23"]

1. d4 Nf6 2. c4 b6 3. Nf3 Bb7 4. g3 c5 5. Bg2 cxd4 6. Qxd4 g6 7. O-O Bg7 8. Nc3
d6 9. Rd1 Nbd7 10. b3 Rc8 11. Bb2 O-O 12. Rac1 Rc5 13. h3 Qa8 14. Qd3 Re8 15.
Ba3 Rcc8 16. Qe3 Bc6 17. Ne1 Bxg2 18. Nxg2 Qb7 19. Ne1 Nc5 20. Qf3 Qd7 21. Kg2
Bh6 22. e3 Bg7 23. Nd3 Ne6 24. Ne5 Qd8 25. h4 Rf8 26. Nc6 Qd7 27. Nxe7+ Qxe7 28.
Bxd6 Qd8 29. Bxf8 Qxf8 30. Nd5 Nd7 31. Nf4 Nxf4+ 32. exf4 Nc5 33. f5 gxf5 34.
Qxf5 Rc7 35. Rd5 Ne6 36. Rcd1 Qe8 37. Qf3 h6 38. Kh2 Qe7 39. R1d2 Kh8 40. Qe4
Kg8 41. Qg4 Qf6 42. f4 Rc5 43. Qe2 Bf8 44. Qe5 Qxe5 45. fxe5 Rc7 46. Rd7 Rxd7
47. Rxd7 a5 48. Kg2 Bc5 49. Kf3 Kg7 50. g4 Bd4 51. Rd6 Bc5 52. Rd1 Kf8 53. Rd7
Ke8 54. Rb7 Nd8 55. Rb8 Kd7 56. Ke4 Kc7 57. Ra8 Be7 58. g5 h5 59. Ra7+ Nb7 60.
e6 fxe6 61. Ke5 Kb8 62. Rxb7+ Kxb7 63. g6 1-0

[Event "4th Al Ain Chess Classic"]
[Site "Al-Ain UAE"]
[Date "2015.12.26"]
[Round "4.24"]
[White "Ghosh, Diptayan"]
[Black "Asadli, Vugar"]
[Result "1-0"]
[WhiteTitle "IM"]
[BlackTitle "FM"]
[WhiteElo "2550"]
[BlackElo "2323"]
[WhiteFideId "5045207"]
[BlackFideId "13405764"]
[EventDate "2015.12.23"]

1. d4 g6 2. c4 Bg7 3. Nf3 d6 4. g3 Nd7 5. Bg2 e5 6. Nc3 Ne7 7. O-O O-O 8. e3 f5
9. Ng5 Nf6 10. dxe5 dxe5 11. Qb3 e4 12. Rd1 Qe8 13. Nb5 Qc6 14. Bd2 h6 15. Bb4
hxg5 16. Bxe7 Re8 17. Nd4 Qb6 18. Qa3 f4 19. c5 Qa6 20. Qb3+ Kh7 21. Bf1 Be6 22.
Nxe6 1-0

[Event "4th Al Ain Chess Classic"]
[Site "Al-Ain UAE"]
[Date "2015.12.26"]
[Round "4.25"]
[White "Yogit, S"]
[Black "Malakhatko, Vadim"]
[Result "1/2-1/2"]
[BlackTitle "GM"]
[WhiteElo "2239"]
[BlackElo "2531"]
[WhiteFideId "5009332"]
[BlackFideId "14104202"]
[EventDate "2015.12.23"]

1. e4 g6 2. d4 Bg7 3. Nc3 d6 4. Nf3 Nf6 5. Be2 O-O 6. O-O c6 7. a4 a5 8. Bg5 h6
9. Bh4 g5 10. Bg3 Nh5 11. Qd2 e6 12. Bc4 g4 13. Ne1 Nxg3 14. hxg3 d5 15. exd5
exd5 16. Bb3 Qg5 17. Rd1 Qxd2 18. Rxd2 b6 19. Ne2 Ba6 20. Nd3 Nd7 21. Re1 Rfe8
22. Rdd1 Re4 23. c3 Rae8 24. Nef4 Kf8 25. f3 gxf3 26. gxf3 Rxe1+ 27. Rxe1 Rxe1+
28. Nxe1 Bf6 29. Kf2 Bg5 30. Neg2 Ke7 31. g4 Kd6 32. Kg3 Nf8 33. Ne3 Ne6 34.
Nfg2 Bd3 35. f4 Bd8 36. Bc2 Bxc2 37. Nxc2 c5 38. Nge3 Kc6 39. Nf5 Bc7 40. Ne7+
Kd6 41. Ng8 Kc6 42. Ne7+ Kd6 43. Ng8 Kd7 44. Nf6+ Kc6 45. Nh5 b5 46. axb5+ Kxb5
47. dxc5 Kxc5 48. b4+ axb4 49. cxb4+ Kb5 50. Kf3 d4 51. Ke4 Kc4 52. Ne1 Kxb4 53.
f5 Ng5+ 54. Kxd4 Kb5 55. Kd5 Kb4 56. Nd3+ Kc3 57. Nc5 Bd8 58. Nb7 Be7 59. Na5
Kd3 60. Nc6 Ba3 61. Ne5+ Ke2 62. Nf6 Bf8 63. Ng8 Kf2 64. Nd7 Ba3 65. Nxh6 Kg3
66. f6 Kf4 67. Ne5 Bf8 68. Nhxf7 Nxf7 69. Nxf7 Kxg4 70. Ke6 Bb4 71. Ne5+ Kg5 72.
Kf7 Kf5 73. Ng6 Ba3 74. Ne7+ Ke5 75. Ng8 Kf5 76. Ke8 Bb2 77. f7 Bg7 78. Ne7+ Ke6
79. Nc6 Kf6 80. Nd4 Bh6 81. Ne2 Ke6 82. Nf4+ Kf6 1/2-1/2

[Event "4th Al Ain Chess Classic"]
[Site "Al-Ain UAE"]
[Date "2015.12.26"]
[Round "4.26"]
[White "Mkrtchyan, Sargis R."]
[Black "Libiszewski, Fabien"]
[Result "0-1"]
[BlackTitle "GM"]
[WhiteElo "2236"]
[BlackElo "2515"]
[WhiteFideId "13307878"]
[BlackFideId "616834"]
[EventDate "2015.12.23"]

1. e4 d6 2. d4 Nf6 3. Nc3 g6 4. f4 Bg7 5. Nf3 O-O 6. e5 dxe5 7. fxe5 Nd5 8. Bc4
Be6 9. Bxd5 Bxd5 10. Nxd5 Qxd5 11. Qe2 Nc6 12. c4 Qd7 13. d5 Nd8 14. Bf4 b5 15.
O-O bxc4 16. Qxc4 c6 17. d6 Ne6 18. Bg3 Rab8 19. dxe7 Qxe7 20. b3 c5 21. Rad1
Rb4 22. Qc3 h5 23. h3 Rc8 24. Nd2 h4 25. Bh2 Rd4 26. Nc4 Qd7 27. Qc2 Qd5 28. Nd6
Rd8 29. Rxd4 cxd4 30. Qc4 Qxc4 31. Nxc4 Rd5 32. Rd1 Bh6 33. Kf1 Ng5 34. Bg1 d3
35. Ke1 Ne4 36. Be3 Bxe3 37. Nxe3 d2+ 38. Kf1 Rxe5 39. Ng4 Rc5 40. Nf2 Rf5 0-1

[Event "4th Al Ain Chess Classic"]
[Site "Al-Ain UAE"]
[Date "2015.12.26"]
[Round "4.27"]
[White "Vishnu Prasanna, V"]
[Black "Ahmed, Fareed"]
[Result "1-0"]
[WhiteTitle "GM"]
[BlackTitle "FM"]
[WhiteElo "2514"]
[BlackElo "1970"]
[WhiteFideId "5030692"]
[BlackFideId "9303677"]
[EventDate "2015.12.23"]

1. c4 e6 2. g3 Nf6 3. Bg2 c5 4. Nf3 g6 5. d4 cxd4 6. Nxd4 Bg7 7. Nb5 d5 8. Bf4
Na6 9. Nd6+ Kf8 10. Nc3 d4 11. Qxd4 Nd5 12. Bh6 1-0

[Event "4th Al Ain Chess Classic"]
[Site "Al-Ain UAE"]
[Date "2015.12.26"]
[Round "4.28"]
[White "Anurag, Mhamal"]
[Black "Anton Guijarro, David"]
[Result "1/2-1/2"]
[WhiteTitle "IM"]
[BlackTitle "GM"]
[WhiteElo "2390"]
[BlackElo "2640"]
[WhiteFideId "5024366"]
[BlackFideId "2285525"]
[EventDate "2015.12.23"]

1. Nf3 b6 2. e4 Bb7 3. Nc3 Nf6 4. Bc4 e6 5. Qe2 Nxe4 6. Nxe4 Bxe4 7. Qxe4 d5 8.
Bxd5 Qxd5 9. Qxd5 exd5 10. O-O f6 11. d3 Nc6 12. Re1+ Kd7 13. Bf4 Bc5 14. c3 a5
15. d4 Bd6 16. Bxd6 Kxd6 17. a4 g5 18. Re2 Rae8 19. Rae1 Rxe2 20. Rxe2 Ne7 21.
Ne1 h5 22. Nc2 c6 23. Re1 Rb8 24. Ra1 Kd7 25. f3 Nf5 26. Kf2 Nd6 27. Ne3 f5 28.
Nc2 c5 29. Rd1 c4 30. Na3 b5 31. axb5 Nxb5 32. Nxb5 Rxb5 33. Rd2 h4 34. Ke1 a4
35. Kd1 Rb3 36. Kc2 a3 37. bxa3 Rxa3 38. Kb2 Rb3+ 39. Kc2 Ra3 40. Kb2 Rb3+ 1/2-1/2

[Event "4th Al Ain Chess Classic"]
[Site "Al-Ain UAE"]
[Date "2015.12.26"]
[Round "4.29"]
[White "Nitish, Belurkar"]
[Black "Gopal, G.N."]
[Result "1/2-1/2"]
[WhiteTitle "CM"]
[BlackTitle "GM"]
[WhiteElo "2304"]
[BlackElo "2525"]
[WhiteFideId "5084768"]
[BlackFideId "5015693"]
[EventDate "2015.12.23"]

1. e4 c5 2. c3 Nf6 3. e5 Nd5 4. d4 cxd4 5. Nf3 d6 6. cxd4 Nc6 7. Bc4 dxe5 8.
dxe5 Ndb4 9. Qxd8+ Nxd8 10. Na3 Bg4 11. Nd4 a6 12. h3 Bd7 13. O-O e6 14. Nac2
Ndc6 15. Bf4 Rc8 16. Nxc6 Nxc2 17. Rac1 Na3 18. Na5 Bb4 19. bxa3 Bxa5 20. Rfd1
Bc6 21. Rd6 O-O 22. Bxa6 Bd5 23. Rxc8 Rxc8 24. Bb5 h6 25. a4 Rc2 26. Be3 Rxa2
27. Rd7 Bc3 28. Rd8+ Kh7 29. Bf4 g5 30. Bg3 h5 31. h4 gxh4 32. Bxh4 Bxe5 33. f3
Kg7 34. Be8 Rc2 35. Rd7 Rc7 36. Rxc7 Bxc7 37. Kf2 Be5 38. Be7 Bf6 39. Bc5 e5 40.
Bd6 h4 41. Bb5 e4 42. fxe4 Bxe4 43. a5 Kg6 44. a6 Bd4+ 45. Kf1 bxa6 46. Bxa6 Kg5
47. Be2 f6 48. Bc7 Bc5 49. Ba5 Be3 50. Be1 f5 51. Ba5 Bd4 52. Bd8+ Bf6 53. Bb6
Be7 54. Kg1 Bf6 55. Be3+ f4 56. Bf2 Be7 57. Bf3 Kf5 58. Kh2 Ke5 59. Bxe4 Kxe4
60. Kh3 1/2-1/2

[Event "4th Al Ain Chess Classic"]
[Site "Al-Ain UAE"]
[Date "2015.12.26"]
[Round "4.31"]
[White "Arencibia Rodriguez, Walter"]
[Black "Abdulov, Orkhan"]
[Result "1/2-1/2"]
[WhiteTitle "GM"]
[BlackTitle "IM"]
[WhiteElo "2501"]
[BlackElo "2356"]
[WhiteFideId "3500012"]
[BlackFideId "13402714"]
[EventDate "2015.12.23"]

1. e4 g6 2. d4 Bg7 3. c4 d6 4. Nc3 Nd7 5. Nf3 e5 6. Be2 Ne7 7. O-O O-O 8. Re1
exd4 9. Nxd4 Nc6 10. Be3 Re8 11. f4 Nc5 12. Bf3 Ne6 13. Nde2 Nc5 14. a3 Na5 15.
Qc2 Nxc4 16. Bxc5 dxc5 17. Rad1 Bd7 18. Qc1 Qc8 19. e5 Nb6 20. Ne4 Bc6 21. Qxc5
Rd8 22. Nd4 Bxe4 23. Bxe4 c6 24. Bf3 Nd5 25. g3 Qh3 26. Bg2 Qg4 27. Qc2 Nc7 28.
Qf2 Bf8 29. h3 Qd7 30. b4 c5 31. e6 fxe6 32. Nxe6 Qxd1 33. Nxc7 Rac8 34. Rxd1
Rxd1+ 35. Kh2 Rxc7 36. Qe2 Rcd7 37. Qe6+ Kg7 38. Qe5+ Kg8 39. Qe6+ Kg7 40. bxc5
R1d2 41. Qe5+ Kg8 42. Qe6+ Kg7 43. f5 Be7 44. h4 Bf6 45. fxg6 hxg6 46. Kh3 Re7
47. Qb3 Rde2 48. Qd3 R2e3 49. Qd6 Rf7 50. Qf4 Rxa3 51. Be4 Rc7 52. Qg4 1/2-1/2

[Event "4th Al Ain Chess Classic"]
[Site "Al-Ain UAE"]
[Date "2015.12.26"]
[Round "4.32"]
[White "Ankit, R. Rajpara"]
[Black "Iniyan, P"]
[Result "1-0"]
[WhiteTitle "GM"]
[WhiteElo "2489"]
[BlackElo "2275"]
[WhiteFideId "5023335"]
[BlackFideId "25002767"]
[EventDate "2015.12.23"]

1. d4 Nf6 2. c4 g6 3. Nf3 Bg7 4. g3 O-O 5. Bg2 d6 6. Nc3 Nc6 7. O-O a6 8. Bf4
Nd7 9. Rc1 e5 10. Bg5 Bf6 11. Be3 exd4 12. Nxd4 Nce5 13. Nd5 Bg7 14. Qd2 c6 15.
Bg5 Nf6 16. Nxf6+ Bxf6 17. Bxf6 Qxf6 18. Rfd1 Rd8 19. Qc3 Nd7 20. Rd2 Nc5 21.
Rcd1 a5 22. b3 Be6 23. Nb5 Qxc3 24. Nxc3 a4 25. b4 Na6 26. b5 Nc5 27. bxc6 bxc6
28. Bxc6 Rac8 29. Bb5 Nb7 30. Nd5 Rc5 31. Nb6 a3 32. Rd4 Kg7 33. R1d3 Na5 34.
Rxa3 Nc6 35. Rd1 Ne5 36. Ra4 Kf6 37. f4 Ng4 38. Ra3 Ke7 39. e4 Nf6 40. e5 Ng4
41. exd6+ Kf6 42. Ra8 1-0

[Event "4th Al Ain Chess Classic"]
[Site "Al-Ain UAE"]
[Date "2015.12.26"]
[Round "4.33"]
[White "Khalafova, Narmin"]
[Black "Gasanov, Eldar"]
[Result "0-1"]
[WhiteTitle "WIM"]
[BlackTitle "GM"]
[WhiteElo "2138"]
[BlackElo "2485"]
[WhiteFideId "13402625"]
[BlackFideId "14104466"]
[EventDate "2015.12.23"]

1. e4 e5 2. Nf3 Nc6 3. Nc3 Nf6 4. Bb5 Bd6 5. O-O O-O 6. h3 Re8 7. d3 h6 8. Be3
a6 9. Bxc6 dxc6 10. Nd2 Nd7 11. Na4 Bf8 12. f4 exf4 13. Rxf4 b5 14. Nc3 Ne5 15.
Nb3 c5 16. Qe2 c4 17. dxc4 Nxc4 18. Raf1 Be6 19. Nc5 Bxc5 20. Bxc5 Qg5 21. Qf2
Rad8 22. Nd5 Bxd5 23. Rg4 Qh5 24. exd5 Rxd5 25. Qf6 Rg5 26. Rxg5 hxg5 27. Qc6
Re6 28. Qd5 0-1

[Event "4th Al Ain Chess Classic"]
[Site "Al-Ain UAE"]
[Date "2015.12.26"]
[Round "4.34"]
[White "Azaladze, Shota"]
[Black "Abdulla, Khayala"]
[Result "1-0"]
[WhiteTitle "IM"]
[BlackTitle "WGM"]
[WhiteElo "2468"]
[BlackElo "2256"]
[WhiteFideId "13603027"]
[BlackFideId "13401807"]
[EventDate "2015.12.23"]

1. g3 Nf6 2. Bg2 e6 3. e4 d5 4. e5 Nfd7 5. f4 c5 6. Nf3 Nc6 7. d3 Qc7 8. c4 Nb6
9. Qe2 Nd4 10. Nxd4 cxd4 11. Nd2 dxc4 12. dxc4 Bd7 13. O-O Bc6 14. b3 Rd8 15.
Bb2 d3 16. Bxc6+ Qxc6 17. Qf3 Qc7 18. Ne4 Nd7 19. Rad1 Nc5 20. Nd6+ Bxd6 21.
exd6 Qxd6 22. Bxg7 Rg8 23. Bf6 Rd7 24. b4 Na4 25. a3 a5 26. c5 Qd5 27. Rd2 axb4
28. axb4 Qc4 29. Ra1 Qxb4 30. Rxd3 Qxc5+ 31. Kh1 Qb5 32. Rxd7 Kxd7 33. Qd1+ Kc7
34. Rxa4 1-0

[Event "4th Al Ain Chess Classic"]
[Site "Al-Ain UAE"]
[Date "2015.12.26"]
[Round "4.35"]
[White "Arjun Kalyan"]
[Black "Mammadov, Zaur"]
[Result "1/2-1/2"]
[BlackTitle "GM"]
[WhiteElo "2107"]
[BlackElo "2467"]
[WhiteFideId "35018701"]
[BlackFideId "13401033"]
[EventDate "2015.12.23"]

1. e4 e6 2. d4 d5 3. Nc3 Nf6 4. Bg5 Be7 5. e5 Nfd7 6. Bxe7 Qxe7 7. f4 a6 8. Nf3
c5 9. dxc5 Nxc5 10. Bd3 Nc6 11. Qd2 b5 12. O-O Qa7 13. Qf2 Bd7 14. Ne2 Nb4 15.
Rfd1 O-O 16. a3 Nbxd3 17. cxd3 Nb3 18. Qxa7 Rxa7 19. Rab1 b4 20. Ned4 Nxd4 21.
Nxd4 Rb7 22. Kf2 Rfb8 23. b3 bxa3 24. Ra1 Bb5 25. Rxa3 Rc8 26. Ke3 g6 27. Ra2
Rbc7 28. Rdd2 Rc3 29. Rab2 Kg7 30. Ne2 R3c7 31. Nd4 h6 32. g3 Kf8 33. Rd1 Rc3
34. Ne2 1/2-1/2

[Event "4th Al Ain Chess Classic"]
[Site "Al-Ain UAE"]
[Date "2015.12.26"]
[Round "4.36"]
[White "Hossain, Enamul"]
[Black "Parvanyan, Ashot"]
[Result "1-0"]
[WhiteTitle "GM"]
[WhiteElo "2450"]
[BlackElo "2197"]
[WhiteFideId "10200649"]
[BlackFideId "13307550"]
[EventDate "2015.12.23"]

1. e4 e6 2. d4 d5 3. Nd2 Nf6 4. e5 Nfd7 5. c3 c5 6. Bd3 Nc6 7. Ne2 cxd4 8. cxd4
f6 9. exf6 Nxf6 10. O-O Bd6 11. Nf3 Qc7 12. h3 O-O 13. Be3 Bd7 14. Re1 Rae8 15.
Rc1 Qb8 16. Nc3 a6 17. Na4 e5 18. dxe5 Nxe5 19. Nxe5 Bxa4 20. Qxa4 Bxe5 21. Bd4
Bxd4 22. Qxd4 Rxe1+ 23. Rxe1 Re8 24. Rc1 Rc8 25. Rd1 Re8 26. g4 Qe5 27. Qxe5
Rxe5 28. f3 g6 29. Kf2 Kf7 30. Bc2 g5 31. Rc1 h6 32. Bf5 Re7 33. Rc8 Ne8 34. Rd8
Nf6 35. Rd6 Rc7 36. Ke3 Ke7 37. Re6+ Kf7 38. Rb6 Ke7 39. Kd4 Kf7 40. b3 Kg7 41.
a4 Kf7 42. a5 Kg7 43. Be6 Kf8 44. Bxd5 Nxd5 45. Kxd5 Rf7 46. Rxh6 Rxf3 47. b4
Kg7 48. Rb6 Rf7 49. Ke5 Kh7 50. Rf6 Rd7 51. Ke6 Rd3 52. Rf7+ Kg6 53. Rxb7 Rxh3
54. Rb6 Rb3 55. Ke5+ Kf7 56. Kf5 Rb1 57. Kxg5 1-0

[Event "4th Al Ain Chess Classic"]
[Site "Al-Ain UAE"]
[Date "2015.12.26"]
[Round "4.37"]
[White "Das, Sayantan"]
[Black "Jayakumaar S"]
[Result "1-0"]
[WhiteTitle "IM"]
[WhiteElo "2411"]
[BlackElo "2169"]
[WhiteFideId "5034426"]
[BlackFideId "5090997"]
[EventDate "2015.12.23"]

1. e4 e5 2. Nf3 Nc6 3. Bb5 a6 4. Ba4 Nf6 5. O-O Be7 6. Bxc6 dxc6 7. d3 Nd7 8.
Nbd2 O-O 9. Nc4 f6 10. a4 Nc5 11. Na5 Bg4 12. h3 Bxf3 13. Qxf3 Qc8 14. Be3 Ne6
15. Rfd1 c5 16. c3 b6 17. Nb3 Rd8 18. h4 Rd6 19. h5 Qf8 20. d4 cxd4 21. cxd4
exd4 22. Nxd4 Nxd4 23. Rxd4 Rxd4 24. Bxd4 Rd8 25. Bc3 Qf7 26. h6 g6 27. Re1 b5
28. axb5 axb5 29. e5 fxe5 30. Qc6 Bf8 31. Qxb5 Bxh6 32. Bxe5 Re8 33. Rd1 Bg7 34.
Bg3 Bf6 35. b3 Re7 36. Rc1 Bd4 37. b4 Kg7 38. Qd3 Qf6 39. b5 Be5 40. Rc6 Qg5 41.
Bxe5+ Qxe5 42. g3 Kh6 43. Kg2 Kg7 44. Qc4 Kh6 45. Rc5 Qd6 46. Qc3 Rf7 47. Rc4
Kg5 48. Qe3+ 1-0

[Event "4th Al Ain Chess Classic"]
[Site "Al-Ain UAE"]
[Date "2015.12.26"]
[Round "4.38"]
[White "Anisuzzaman, Jewel"]
[Black "Omar, Noaman"]
[Result "0-1"]
[BlackTitle "IM"]
[WhiteElo "2078"]
[BlackElo "2403"]
[WhiteFideId "10204695"]
[BlackFideId "9300244"]
[EventDate "2015.12.23"]

1. e4 c5 2. Nf3 e6 3. Be2 a6 4. O-O d5 5. Nc3 d4 6. Nb1 Nc6 7. d3 Bd6 8. a4 Nge7
9. Na3 e5 10. Nc4 Bc7 11. Nh4 Rb8 12. f4 exf4 13. Bg4 b5 14. axb5 axb5 15. Na3
g5 16. Nf5 Nxf5 17. exf5 Qf6 18. g3 Kf8 19. Kh1 Ne5 20. Bh3 g4 21. Bxg4 Bb7+ 22.
Bf3 Nxf3 23. Rxf3 fxg3 24. h3 g2+ 25. Kg1 0-1

[Event "4th Al Ain Chess Classic"]
[Site "Al-Ain UAE"]
[Date "2015.12.26"]
[Round "4.39"]
[White "Neverov, Valeriy"]
[Black "Safranska, Anda"]
[Result "1-0"]
[WhiteTitle "GM"]
[BlackTitle "WGM"]
[WhiteElo "2516"]
[BlackElo "2259"]
[WhiteFideId "14100150"]
[BlackFideId "11600209"]
[EventDate "2015.12.23"]

1. Nf3 Nf6 2. c4 g6 3. Nc3 Bg7 4. e4 d6 5. d4 O-O 6. Be2 e5 7. d5 h6 8. h3 Na6
9. Be3 Nh5 10. Qd2 Kh7 11. g3 f5 12. exf5 gxf5 13. Nh4 Qe8 14. O-O-O Nf6 15. Bd3
e4 16. Be2 Nc5 17. Ng2 Bd7 18. Nf4 a5 19. Kb1 Qe7 20. Rdg1 Rg8 21. g4 Bf8 22.
gxf5 Rxg1+ 23. Rxg1 Bxf5 24. Bg4 Nxg4 25. hxg4 Bd7 26. g5 Bf5 27. g6+ Kg8 28. g7 1-0

[Event "4th Al Ain Chess Classic"]
[Site "Al-Ain UAE"]
[Date "2015.12.26"]
[Round "4.40"]
[White "Ismael, Namir Mohammed Ismael"]
[Black "Hayrapetyan, Hovik"]
[Result "0-1"]
[WhiteTitle "CM"]
[BlackTitle "GM"]
[WhiteElo "2254"]
[BlackElo "2489"]
[WhiteFideId "4800800"]
[BlackFideId "13302639"]
[EventDate "2015.12.23"]

1. d4 Nf6 2. Nf3 d5 3. e3 Bg4 4. c4 dxc4 5. Bxc4 e6 6. Qb3 Bxf3 7. gxf3 Qc8 8.
Nc3 a6 9. a4 Nc6 10. Qd1 Be7 11. Bd2 O-O 12. Qe2 e5 13. d5 Nb4 14. O-O Rd8 15.
Rac1 Qh3 16. e4 c6 17. f4 b5 18. fxe5 Ng4 19. f3 Nxe5 20. Na2 cxd5 21. Bxb4 dxc4
22. Bxe7 Rd3 23. Rc3 Re8 24. Bc5 Re6 25. Kh1 Rg6 26. Rxd3 cxd3 27. Qf2 d2 28.
Rd1 Nxf3 29. Nc3 Nxh2 0-1

[Event "4th Al Ain Chess Classic"]
[Site "Al-Ain UAE"]
[Date "2015.12.26"]
[Round "4.41"]
[White "Ashwath, R."]
[Black "Harutyunian, Tigran K."]
[Result "1/2-1/2"]
[BlackTitle "IM"]
[WhiteElo "2252"]
[BlackElo "2448"]
[WhiteFideId "5021049"]
[BlackFideId "13303635"]
[EventDate "2015.12.23"]

1. d4 d5 2. Nf3 Nf6 3. c4 c6 4. cxd5 cxd5 5. Nc3 Nc6 6. Bf4 Bf5 7. e3 a6 8. Rc1
e6 9. Bd3 Bxd3 10. Qxd3 Be7 11. h3 O-O 12. O-O Rc8 13. Na4 Ne4 14. a3 Qa5 15.
Qb3 b5 16. Nc5 Bxc5 17. dxc5 b4 18. axb4 Qxb4 19. Nd4 Qxb3 20. Nxb3 e5 21. f3
Nf6 22. Bg5 Rb8 23. Rc3 d4 24. Rd3 e4 25. fxe4 Ne5 26. Rfd1 Nxd3 27. Rxd3 dxe3
28. Bxf6 gxf6 29. Rxe3 Rb4 30. Rc3 Rc8 31. Kf2 Rxe4 32. Nc1 a5 33. Nd3 Rce8 34.
Kf3 Rd4 35. Nf4 Kg7 36. Nh5+ Kg6 37. Nf4+ Kg5 38. g3 f5 39. c6 Rc8 40. c7 Kf6
41. Rc5 Rd6 42. Rxa5 Rxc7 43. Nd5+ 1/2-1/2

[Event "4th Al Ain Chess Classic"]
[Site "Al-Ain UAE"]
[Date "2015.12.26"]
[Round "4.42"]
[White "Hesham, Abdelrahman"]
[Black "Mohannad, Farhan"]
[Result "1-0"]
[WhiteTitle "IM"]
[BlackTitle "FM"]
[WhiteElo "2398"]
[BlackElo "2253"]
[WhiteFideId "10600183"]
[BlackFideId "8100918"]
[EventDate "2015.12.23"]

1. d4 Nf6 2. c4 g6 3. f3 Bg7 4. e4 d6 5. Ne2 O-O 6. Be3 c5 7. d5 b5 8. cxb5 a6
9. Nec3 e6 10. a4 axb5 11. Bxb5 Na6 12. O-O Nb4 13. Qd2 Bb7 14. dxe6 fxe6 15.
Na3 Qe7 16. Rfe1 Nc6 17. Bc4 Rad8 18. Nab5 Ne5 19. Ba2 c4 20. Rad1 d5 21. exd5
Nxd5 22. Bg5 Qc5+ 23. Qf2 Qxf2+ 24. Kxf2 Ra8 25. Kg3 h6 26. Bc1 Nxc3 27. Nxc3
Nxf3 28. Rxe6 Be5+ 29. Rxe5 Nxe5 30. Bxh6 Rf5 31. Bf4 Raf8 32. Rd4 g5 33. Bxe5
Rxe5 34. Bxc4+ Kh8 35. h3 Re3+ 36. Kh2 Bc6 37. Rd6 Bb7 38. a5 Bc8 39. a6 Bxa6
40. Rxa6 Rd8 41. Nd5 Re4 42. b3 Rd4 43. Ra7 Rf8 44. Rc7 g4 45. Ne7 Rf6 46. hxg4
Rxg4 47. Rc8+ Kh7 48. Bd3+ 1-0

[Event "4th Al Ain Chess Classic"]
[Site "Al-Ain UAE"]
[Date "2015.12.26"]
[Round "4.43"]
[White "Prathamesh, Sunil Mokal"]
[Black "Sindarov, Javokhir"]
[Result "0-1"]
[WhiteTitle "IM"]
[BlackTitle "CM"]
[WhiteElo "2393"]
[BlackElo "2224"]
[WhiteFideId "5006040"]
[BlackFideId "14205483"]
[EventDate "2015.12.23"]

1. e4 e5 2. Nf3 Nc6 3. Bb5 a6 4. Ba4 g6 5. d4 exd4 6. c3 Nge7 7. cxd4 b5 8. Bc2
d5 9. exd5 Nxd5 10. O-O Bg7 11. Nc3 O-O 12. Bg5 Nxc3 13. bxc3 Qd7 14. Be4 Rb8
15. Qc1 Bb7 16. Re1 Rfe8 17. Qa3 Nxd4 18. Bxb7 Nc2 19. Qxa6 Nxe1 20. Nd4 Bxd4
21. cxd4 Nc2 22. Rf1 Nb4 23. Qa5 Rxb7 24. Qxb4 Rb6 25. Bf4 Rbe6 26. Be5 f6 27.
Bf4 Re4 28. Be3 f5 29. Qb3+ Kg7 30. Bd2 h6 31. Bb4 c6 32. h3 Kh7 33. Bc5 Re1 34.
Rxe1 Rxe1+ 35. Kh2 Qc7+ 36. g3 f4 37. Qc2 fxg3+ 38. fxg3 Qf7 39. Bb4 Rf1 0-1

[Event "4th Al Ain Chess Classic"]
[Site "Al-Ain UAE"]
[Date "2015.12.26"]
[Round "4.44"]
[White "Mammadova, Narmin"]
[Black "Kokol, Peter"]
[Result "0-1"]
[WhiteTitle "WCM"]
[BlackTitle "FM"]
[WhiteElo "2167"]
[BlackElo "2363"]
[WhiteFideId "13403710"]
[BlackFideId "14604523"]
[EventDate "2015.12.23"]

1. e4 g6 2. d4 Bg7 3. Nf3 d6 4. h3 a6 5. Bd3 Nd7 6. O-O e6 7. Be3 Ne7 8. Nbd2
O-O 9. Re1 b5 10. c3 Bb7 11. a4 c6 12. Nf1 Nb6 13. b3 Qc7 14. Ng3 h6 15. Qd2 Kh7
16. h4 e5 17. h5 Nd7 18. hxg6+ fxg6 19. Kh2 Nf6 20. Rh1 Ng4+ 21. Kg1 Nxe3 22.
Ng5+ Kg8 23. Ne6 Qc8 24. Nxf8 Ng4 25. Nxg6 Nxg6 26. Nf5 Qf8 27. f3 Nf6 28. g3
Kh7 29. Kg2 Ng8 30. Rh2 bxa4 31. bxa4 a5 32. Rb1 Bc8 33. Rb6 Bd7 34. Rb7 Nf6 35.
Bc2 Bxf5 36. Qxh6+ Kg8 37. Qg5 Bc8 38. Bb3+ d5 39. Rb6 Ne7 40. dxe5 Nd7 41. Rxc6
Nxe5 42. Rc7 Qxf3+ 43. Kg1 Qf6 44. Qxf6 Bxf6 45. Rf2 Kg7 46. exd5 Kg6 47. d6 Nf5
48. Bc2 Be6 49. g4 Nxg4 50. Rg2 Kg5 51. Rc5 Kf4 52. Re2 Nfe3 53. Rc7 Rg8 54. Bh7
Rg5 55. d7 Ne5+ 56. Kf2 Rg2+ 0-1

[Event "4th Al Ain Chess Classic"]
[Site "Al-Ain UAE"]
[Date "2015.12.26"]
[Round "4.45"]
[White "Bashirli, Nail"]
[Black "Pujari, Rucha"]
[Result "1-0"]
[WhiteTitle "FM"]
[BlackTitle "WFM"]
[WhiteElo "2338"]
[BlackElo "2158"]
[WhiteFideId "13406809"]
[BlackFideId "5024528"]
[EventDate "2015.12.23"]

1. e4 e5 2. Nf3 Nc6 3. Bb5 Nd4 4. Nxd4 exd4 5. O-O Bc5 6. c3 Qh4 7. d3 c6 8. Ba4
d6 9. cxd4 Bxd4 10. Bxc6+ Kf8 11. Bd5 Nf6 12. Nd2 Bg4 13. Nf3 Qh5 14. Bb3 Nd7
15. h3 Bxf3 16. Qxf3 Qxf3 17. gxf3 Ne5 18. Be3 Bxb2 19. Rab1 Bd4 20. Bd5 Nxf3+
21. Kg2 Nh4+ 22. Kg3 Bf6 23. Rxb7 Rc8 24. Rxf7+ Ke8 25. Rxa7 Rf8 26. Rb1 Nf3 27.
Kxf3 Bd4+ 28. Rf7 1-0

[Event "4th Al Ain Chess Classic"]
[Site "Al-Ain UAE"]
[Date "2015.12.26"]
[Round "4.46"]
[White "Zozulia, Anna"]
[Black "Wafa, Shrook"]
[Result "1-0"]
[WhiteTitle "IM"]
[BlackTitle "WGM"]
[WhiteElo "2335"]
[BlackElo "2115"]
[WhiteFideId "14102110"]
[BlackFideId "10609970"]
[EventDate "2015.12.23"]

1. c4 Nf6 2. Nc3 e6 3. e3 Bb4 4. Qc2 O-O 5. Nf3 b6 6. Be2 Bb7 7. O-O Nc6 8. a3
Bxc3 9. Qxc3 a5 10. b3 d6 11. Bb2 e5 12. d4 e4 13. Nd2 Qe7 14. f3 Rae8 15. Rae1
d5 16. fxe4 dxe4 17. Rf4 Qd6 18. d5 Ne5 19. Ref1 Nfd7 20. Nxe4 Qg6 21. Rh4 h6
22. Bh5 Qh7 23. Bd1 f5 24. Ng3 g5 25. Rd4 Bc8 26. Bc2 Nc5 27. b4 axb4 28. axb4
Nb7 29. c5 bxc5 30. bxc5 Qe7 31. Nxf5 Bxf5 32. Bxf5 Qxc5 33. Qxc5 Nxc5 34. Ba3
Rxf5 35. Rxf5 Ncd3 36. d6 cxd6 37. Bxd6 Kg7 38. Rd5 Kg6 39. Rfxe5 1-0